• 首页
  • 本馆介绍
  • 公告通知
  • 最新文献
  • 馆藏检索
  • 电子资源
  • 读者导购
  • 参考咨询
  • 我的图书馆
  • 登录
  • 详细信息显示
  • 放入我的书架
  • 预约/预借图书
  • 作者相关作品
  • 分类相关作品
  • 丛书相关作品
  • 出版社相关作品

书目信息

  • 表格格式
  • 工作单格式
  • 卡片格式
书名: The secular city
作者: by Harvey Cox
分册号:
分册名:
出版地: New York :
 
出版社: Macmillan Pub. Co
出版时间: c1966.
页数: 244 p. ;
开本: 21 cm.
丛书名:
中图分类号:
科图分类号:
其他分类号: B977
主题词:
电子资源:
000 01444nam 2200373 a 4500
001 E0729920622
005 20070519082359.28
008 00110 eng
008 uu
008 001966
010    @a90041932
020    @c$9.95 ($13.95 Can.).
040    @aDLC @cDLC @dDLC
043    @an-us---
049    @aN5LA
050 00 @aBR115.W6 @bC65 1990
082 00 @a261 @220
090    @a2-91/B977/C87/ 1990//////1009947
090    @aB977
096    @aB977 @v2
099    @dB977@ex33
100 10 @aCox, Harvey Gallagher.
245 14 @aThe secular city :@bsecularization and urbanization in theological perspective / @cby Harvey Cox
250    @aRevised ed.
260 0  @aNew York :@bMacmillan Pub. Co.,@cc1966.
300    @a244 p. ;@c21 cm.
500    @aReprint, with new introduction. Previously published. Rev. ed. New York : Macmillan, 1966.
504    @aIncludes bibliographical references (p. 237-244) and index.
650  0 @aChurch and the world.
650  0 @aSociology, Urban. @b00 @c20020930 @lNLC09 @h2251 @b00 @c20021028 @lNLC09 @h1612 @b00 @c20021231 @lNLC09 @h1558 @b00 @c20021231 @lNLC09 @h2255 @lNLC09 @h2352 @lNLC09 @h1944 @b00 @c20030116 @lNLC09 @h1615 @b00 @c20030117 @lNLC09 @h1851 @b00 @c20030716 @lNLC09 @h2340
650  0 @aCities and towns @zUnited States.
650  0 @aSecularization (Theology)
650  0 @aCity churches.
852 9  @bWWJC @cJ08N @k2-91 @hB977 @iC87/1990
    
    The secular city : : secularization and urbanization in theological perspective / / by Harvey Cox.-Revised ed.-New York : : Macmillan Pub. Co., , c1966.
    244 p. ; ; 21 cm.
    Reprint, with new introduction. Previously published. Rev. ed. New York : Macmillan, 1966.-Includes bibliographical references (p. 237-244) and index.
    
    ISBN $9.95 ($13.95 Can.).
    
●
相关链接 在E读中查询图书 在五车中查询图书 在当当中查询图书 在豆瓣中查询图书


正题名:secular city     索取号:B977/x33         预约/预借

序号 登录号 条形码 馆藏地/架位号 状态 备注
1 9911   300099113   第二样本阅览室/ [索取号:B977/x33] 在馆    
唐山师范学院图书馆 欢迎您!
大连网信软件有限公司© 版权所有